| Tag |
First Indicator |
Second Indicator |
Subfields |
| LEADER |
00000cam a2200000 a 4500 |
| 001 |
in00001193921 |
| 005 |
20151002062845.0 |
| 007 |
hd afv---baca |
| 008 |
891026s1865 xx a f000 0 eng d |
| 035 |
|
|
|a (OCoLC)20551958
|
| 035 |
|
|
|9 AGJ6895AM
|
| 040 |
|
|
|a FEI
|c FEI
|d UtOrBLW
|
| 043 |
|
|
|a n-usu--
|
| 049 |
|
|
|a TXAI
|
| 090 |
|
|
|a E487
|b .C66 1974 reel 18 no. 1112
|
| 099 |
|
|
|a Film
|a B 1664
|a reel 18, no. 1112.
|
| 110 |
1 |
|
|a Confederate States of America.
|b Department of the Treasury.
|
| 245 |
1 |
0 |
|a Message of the President.
|
| 264 |
|
1 |
|a [Richmond] :
|b [publisher not identified],
|c [1865]
|
| 300 |
|
|
|a 2 pages ;
|c 26 cm.
|
| 336 |
|
|
|a text
|b txt
|2 rdacontent
|
| 337 |
|
|
|a microform
|b h
|2 rdamedia
|
| 338 |
|
|
|a microfilm reel
|b hd
|2 rdacarrier
|
| 500 |
|
|
|a Caption title.
|
| 500 |
|
|
|a At head of title: House of Representatives, Feb. 8, 1865.--Referred to Committee of Ways and Means, and ordered to be printed.
|
| 500 |
|
|
|a Signed: Jefferson Davis, G.A. Trenholm, Geo. Davis.
|
| 500 |
|
|
|a Transmitted with communications from the Secretary of Treasury and the Attorney General.
|
| 500 |
|
|
|a Filmed from the holdings of the Boston Athenaeum.
|
| 533 |
|
|
|a Microfilm.
|b New Haven, Conn. :
|c Research Publications,
|d [1974].
|e On reel 18 of 143 microfilm reels ; 35 mm.
|f (Confederate imprints, 1861-1865 ; reel 18, no. 1112).
|
| 539 |
|
|
|a s
|b 1974
|d ctu
|e n
|
| 500 |
|
|
|a Microform.
|
| 610 |
1 |
0 |
|a Confederate States of America.
|b Department of Justice
|x Appropriations and expenditures.
|
| 710 |
1 |
|
|a Confederate States of America.
|b President.
|
| 710 |
1 |
|
|a Confederate States of America.
|b Congress.
|b House of Representatives.
|
| 700 |
1 |
|
|a Davis, Jefferson,
|d 1808-1889.
|
| 700 |
1 |
|
|a Trenholm, George Alfred,
|d 1806-1876.
|
| 700 |
1 |
|
|a Davis, George,
|d 1820-1896.
|
| 830 |
|
0 |
|a Confederate imprints, 1861-1865 ;
|v reel 18, no. 1112.
|
| 999 |
|
|
|a MARS
|
| 999 |
f |
f |
|s 1019e7a2-24fc-3dc2-91d4-117fc04e47f9
|i e0ddcc15-09ca-3a3f-b3e4-ddf5807006b9
|t 0
|
| 952 |
f |
f |
|p default
|a Texas A&M University
|b College Station
|c Sterling C. Evans Library
|d Evans: Microforms (3rd floor)
|t 0
|e Film B 1664 reel 18, no. 1112.
|h Other scheme
|i microform -- microfilm reel
|
| 998 |
f |
f |
|a Film B 1664 reel 18, no. 1112.
|t 0
|l Evans: Microforms (3rd floor)
|